[Event "GER-ch U18 sf Berlin Online"]
[Site "Playchess.com INT"]
[Date "2020.05.01"]
[Round "10"]
[White "Haertel, Leon"]
[Black "Ivanov, Nikita"]
[Result "1-0"]
[WhiteElo "1277"]
[BlackElo "1620"]
[PlyCount "39"]
[EventDate "2020.05.01"]
[EventType "swiss (blitz)"]
[EventRounds "13"]
[EventCountry "GER"]
[SourceTitle "CBM 195 Extra"]
[Source "ChessBase"]
[SourceDate "2020.05.31"]
[SourceVersion "1"]
[SourceVersionDate "2020.05.31"]
[SourceQuality "1"]

1. d4 d5 2. Bf4 c5 3. Nc3 Nc6 4. Nf3 Nf6 5. e3 Bf5 6. Bb5 Qd7 7. Ne5 Qc7 8. Nxf7 Qc8 9. Bxc6+ Qxc6 10. Nxh8 cxd4 11. exd4 Ne4 12. Nxe4 dxe4 13. 0-0 0-0-0 14. Re1 Qb6 15. b3 Rxd4 16. Qh5 g6 17. Qe2 h5 18. Be3 Bg4 19. Qc4+ Kb8 20. Bxd4 1-0